000 00825nam a22002897a 4500
001 BR2020000319
003 BR-BrBNA
005 20230928105512.0
007 ta
008 230509b bl.||||| |||| 00| 0 por d
040 _aBR-BrBNA
_bpor
_cBiblioteca Nacional de Agricultura
041 _a(Por)
072 _aM12; M40; M11
_b8310
090 _ 8310 BR2020000319
100 1 _aGuimarães, I.
245 1 _aMitos e verdades sobre o cultivo de camarões marinhos no Brasil
260 3 _a[np](Brasil):
_c[nd].
300 _a176 p.
500 _aBibliography p. 153-176 (158 ref.): Published 2015?; 57 illus.; 15 tables
650 _aCARCINICULTURA
650 _aCRUSTÁCEO
650 _aCAMARÃO
650 _aAMBIENTE BÊNTICO
650 _aAQUICULTURA
909 _a202309
_bLucia
_c55
_dLucia Elande
942 _cBK
999 _c85414
_d85414